| Tag |
First Indicator |
Second Indicator |
Subfields |
| LEADER |
00000cam a2200000 a 4500 |
| 001 |
in00000009967 |
| 005 |
20151007051609.0 |
| 008 |
880119s1987 wau 00010 eng d |
| 010 |
|
|
|a 87071140
|
| 020 |
|
|
|a 1556590067
|
| 020 |
|
|
|a 1556590075 (pbk.)
|
| 035 |
|
|
|a (OCoLC)17361011
|
| 035 |
|
|
|9 AAA3803AM
|
| 040 |
|
|
|a AZU
|c AZU
|d TXA
|d UtOrBLW
|
| 041 |
1 |
|
|a eng
|a spa
|h spa
|
| 049 |
|
|
|a TXAM
|c [A12622433]
|
| 050 |
|
4 |
|a PQ8097.N4
|b P5213 1987
|
| 100 |
1 |
|
|a Neruda, Pablo,
|d 1904-1973.
|
| 245 |
1 |
0 |
|a Stones of the sky /
|c Pablo Neruda ; translated by James Nolan.
|
| 264 |
|
1 |
|a Port Townsend :
|b Copper Canyon Press,
|c [1987]
|
| 264 |
|
4 |
|c ©1987
|
| 300 |
|
|
|a 75 pages ;
|c 24 cm.
|
| 336 |
|
|
|a text
|b txt
|2 rdacontent
|
| 337 |
|
|
|a unmediated
|b n
|2 rdamedia
|
| 338 |
|
|
|a volume
|b nc
|2 rdacarrier
|
| 500 |
|
|
|a Poems.
|
| 500 |
|
|
|a Translation of: Piedras del cielo.
|
| 500 |
|
|
|a English and Spanish on opposite pages.
|
| 700 |
1 |
2 |
|a Neruda, Pablo,
|d 1904-1973.
|t Piedras del cielo.
|l English.
|
| 700 |
1 |
2 |
|a Neruda, Pablo,
|d 1904-1973.
|t Piedras del cielo.
|l Spanish.
|
| 999 |
|
|
|a MARS
|
| 999 |
f |
f |
|s 0fef78e1-3abe-3d61-804a-12863cb0c521
|i ce88950c-b220-3c97-80f4-4502f99902c3
|t 0
|
| 952 |
f |
f |
|p normal
|a Texas A&M University
|b College Station
|c Sterling C. Evans Library
|d Evans: Library Stacks
|t 0
|e PQ8097.N4 P5213 1987
|h Library of Congress classification
|i unmediated -- volume
|m A14812622433
|
| 998 |
f |
f |
|a PQ8097.N4 P5213 1987
|t 0
|l Evans: Library Stacks
|